000 00964cam a2200169u 4500
001 000011541
005 20200929162502.0
008 850612s1969 ve 000 0 spa
040 _aDO-SdBNP
_dspa
_cBNPHU
110 2 _aJornadas del Trabajo en la Agricultura y en la Cria en America Latina, Caracas, 1968. [from old catalog]
_927297
245 1 0 _aPonencias presentadas en las Jornadas del Trabajo en la Agricultura y en la Cria en America Latina.
260 _aCaracas, :
_bUniversided Central de Venezuela, Seccion de Derecho del Trabajo y de la Seguridad Social,
_c1969.
300 _a219 p. ;
_c23 cm.
650 0 _aAgricultural laborers
_zLatin America.
_927298
710 2 _aVenezuela.
_bUniversidad Central, Caracas.
_bSeccion de Derecho del Trabajo y de la Seguridad Social. [from old catalog]
_927299
830 1 0 _aVenezuela.
_bUniversidad Central, Caracas.
_bSeccion de Derecho del Trabajo y de la Seguridad Social.
_tPublicaciones,
_v1. [from old catalog]
_927300
999 _c11236
_d11236